MARC details
| 000 -LEADER |
| campo de control de longitud fija |
02055cam a2200469L 4500 |
| 001 - NÚMERO DE CONTROL |
| campo de control |
79414 |
| 005 - FECHA Y HORA DE LA ÚLTIMA TRANSACCIÓN |
| campo de control |
20230404125800.0 |
| 008 - DATOS DE LONGITUD FIJA--INFORMACIÓN GENERAL |
| campo de control de longitud fija |
091206s2000 mauab b 001 0 eng d |
| 010 ## - NÚMERO DE CONTROL DE LA BIBLIOTECA DEL CONGRESO |
| Número de control de LC |
99089830 |
| 035 ## - NÚMERO DE CONTROL DEL SISTEMA |
| Número de control de sistema |
(OCoLC)ocn474575139 |
| 040 ## - FUENTE DE CATALOGACIÓN |
| Centro catalogador/agencia de origen |
DKDLA |
| Lengua de catalogación |
dan |
| Centro/agencia transcriptor |
DKDLA |
| 020 ## - NÚMERO INTERNACIONAL ESTÁNDAR DEL LIBRO |
| Número Internacional Estándar del Libro |
0395516064 |
| 020 ## - NÚMERO INTERNACIONAL ESTÁNDAR DEL LIBRO |
| Número Internacional Estándar del Libro |
9780395516065 |
| 020 ## - NÚMERO INTERNACIONAL ESTÁNDAR DEL LIBRO |
| Número Internacional Estándar del Libro |
0618154582 |
| 035 ## - NÚMERO DE CONTROL DEL SISTEMA |
| Número de control de sistema |
(OCoLC)474575139 |
| 050 14 - SIGNATURA TOPOGRÁFICA DE LA BIBLIOTECA DEL CONGRESO |
| Número de clasificación |
002 E 183.8 |
| Número de ítem |
G877o 2000 |
| 100 1# - ENTRADA PRINCIPAL--NOMBRE DE PERSONA |
| Nombre de persona |
Grose, Peter, |
| Fechas asociadas al nombre |
1934 |
| 245 10 - MENCIÓN DEL TÍTULO |
| Título |
Operation Rollback : |
| Resto del título |
America's secret war behind the Iron Curtain/ |
| -- |
Peter Grose. |
| 246 30 - FORMA VARIANTE DEL TITULO |
| Título propio/Titulo breve |
America's secret war behind the Iron Curtain. |
| 260 ## - PUBLICACIÓN, DISTRIBUCIÓN, ETC. |
| Lugar de publicación, distribución, etc. |
Boston; |
| -- |
New York : |
| Nombre del editor, distribuidor, etc. |
Houghton Mifflin Company, |
| Fecha de publicación, distribución, etc. |
2000. |
| 300 ## - DESCRIPCIÓN FÍSICA |
| Extensión |
ix, 256 p., [4] p. of plates : |
| Otras características físicas |
ill., map. ; |
| Dimensiones |
24 cm. |
| 440 #0 - MENCIÓN DE SERIE/PUNTO DE ACCESO ADICIONAL--TÍTULO |
| Título |
Mariner Books |
| 500 ## - NOTA GENERAL |
| Nota general |
" A New York Times notable book" cover |
| 504 ## - NOTA DE BIBLIOGRAFÍA, ETC. |
| Nota de bibliografía, etc. |
Includes bibliographical references (p.225- 239) and index. |
| 505 0# - NOTA DE CONTENIDO CON FORMATO |
| Nota de contenido con formato |
An iron curtain over europe, p.11 -- Washington at peace, p.53 -- Political warfare, p.87 -- Guerrillas, sabotage, and subversion, p.121 -- Aftermath, p.193. |
| 650 #0 - PUNTO DE ACCESO ADICIONAL DE MATERIA--TÉRMINO DE MATERIA |
| Término de materia o nombre geográfico como elemento de entrada |
Kennan, George F. |
| -- |
(George Frost), |
| Fechas vigentes |
1904-2005. |
| 650 #0 - PUNTO DE ACCESO ADICIONAL DE MATERIA--TÉRMINO DE MATERIA |
| Término de materia o nombre geográfico como elemento de entrada |
Cold war. |
| 650 #0 - PUNTO DE ACCESO ADICIONAL DE MATERIA--TÉRMINO DE MATERIA |
| Término de materia o nombre geográfico como elemento de entrada |
Espionage, American |
| Subdivisión geográfica |
Communist countries |
| Subdivisión general |
History. |
| 650 #0 - PUNTO DE ACCESO ADICIONAL DE MATERIA--TÉRMINO DE MATERIA |
| Término de materia o nombre geográfico como elemento de entrada |
Sabotage |
| Subdivisión geográfica |
Communist countries |
| Subdivisión general |
History. |
| 650 #0 - PUNTO DE ACCESO ADICIONAL DE MATERIA--TÉRMINO DE MATERIA |
| Término de materia o nombre geográfico como elemento de entrada |
Subversive activities |
| Subdivisión geográfica |
Communist countries |
| Subdivisión general |
History. |
| 651 #0 - PUNTO DE ACCESO ADICIONAL DE MATERIA--NOMBRE GEOGRÁFICO |
| Nombre geográfico |
United States |
| Subdivisión general |
Foreign relations |
| Subdivisión geográfica |
Soviet Union. |
| 651 #0 - PUNTO DE ACCESO ADICIONAL DE MATERIA--NOMBRE GEOGRÁFICO |
| Nombre geográfico |
Soviet Union |
| Subdivisión general |
Foreign relations |
| Subdivisión geográfica |
United States.. |
| 651 #0 - PUNTO DE ACCESO ADICIONAL DE MATERIA--NOMBRE GEOGRÁFICO |
| Nombre geográfico |
United States |
| Subdivisión general |
Foreign relations |
| Subdivisión cronológica |
1945-1989. |
| 651 #0 - PUNTO DE ACCESO ADICIONAL DE MATERIA--NOMBRE GEOGRÁFICO |
| Nombre geográfico |
United State |
| Subdivisión general |
Foreign relations |
| Subdivisión geográfica |
Communist countries. |
| 651 #0 - PUNTO DE ACCESO ADICIONAL DE MATERIA--NOMBRE GEOGRÁFICO |
| Nombre geográfico |
Communist countries |
| Subdivisión general |
Foreign relations |
| Subdivisión geográfica |
United States. |
| 856 41 - LOCALIZACIÓN Y ACCESO ELECTRÓNICOS |
| Materiales especificados |
Sample text |
| Identificador Uniforme de Recursos |
<a href="http://www.loc.gov/catdir/samples/hm051/99089830.html">http://www.loc.gov/catdir/samples/hm051/99089830.html</a> |
| 856 42 - LOCALIZACIÓN Y ACCESO ELECTRÓNICOS |
| Materiales especificados |
Book review (H-Net) |
| Identificador Uniforme de Recursos |
<a href="http://www.h-net.org/review/hrev-a0b7u7-aa">http://www.h-net.org/review/hrev-a0b7u7-aa</a> |
| 856 42 - LOCALIZACIÓN Y ACCESO ELECTRÓNICOS |
| Materiales especificados |
Publisher description |
| Identificador Uniforme de Recursos |
<a href="http://www.loc.gov/catdir/description/hm022/99089830.html">http://www.loc.gov/catdir/description/hm022/99089830.html</a> |
| 925 0# - |
| -- |
acquire |
| -- |
2 shelf copies |
| -- |
policy default |
| 942 ## - ELEMENTOS DE ENTRADA SECUNDARIOS (KOHA) |
| Fuente del sistema de clasificación o colocación |
Clasificación de Library of Congress |
| Tipo de ítem Koha |
|
| 994 ## - |
| -- |
C0 |
| -- |
DRFGD |